000 00374nam a2200133Ia 4500
008 230917s9999||||xx |||||||||||||| ||und||
040 _e92941
_aMAIN
041 _aEnglish
082 _a370 P78S
100 _aPooja
245 0 _aStudy of the achievement in languages of high school students in relation to their study habits and attitudes
300 _a83 p.
942 _cTH
999 _c88910
_d88910